[Event "FRA-ch Youth 2017"]
[Site "Belfort"]
[Date "2017.04.16"]
[Round "1"]
[White "Kambrath, Yannick"]
[Black "Fleurquin, Bryan"]
[Result "1/2-1/2"]
[WhiteElo "2341"]
[BlackElo "1921"]
[Annotator "TA"]
[PlyCount "139"]
[EventDate "2017.??.??"]
[EventCountry "FRA"]
[SourceTitle "playchess.com"]
[Source "ChessBase"]
[SourceQuality "1"]

{[%evp 15,139,-12,25,-19,18,16,40,16,53,36,39,39,39,39,35,42,39,19,20,6,6,6,34,12,18,9,8,17,22,0,44,44,33,9,12,21,24,0,0,0,0,0,0,0,0,-1,0,0,0,0,35,38,53,21,88,87,80,87,85,88,62,0,0,0,0,0,0,0,0,0,0,0,0,0,0,0,0,0,0,0,0,-5,-5,-46,-46,-1573,-58,-58,-58,-58,-58,-58,-58,-58,-58,-58,-58,-58,-58,-58,-46,-46,-46,-46,-46,-46,-46,-47,-33,-33,-23,-23,-23,-23,0,0,0,0,0,0,0,0,0,0,0,0]} 1. d4 g6 2. c4 Bg7 3. e4 d6 4. Nc3 e5 5. Nf3 exd4 6. Nxd4 Nc6 7. Nxc6 {A42: Modern Defence: Averbakh Variation} (7. Be3 Nge7 8. h4 f5 9. h5 O-O 10. hxg6 hxg6 11. Nxc6 Nxc6 12. Qd2 Be6 13. Bh6 Qf6 14. O-O-O f4 15. Bxg7 Kxg7 16. Kb1 Rh8 {1-0 (65) Grischuk,A (2747)-Andreikin,D (2743) ICC INT 2016}) 7... bxc6 8. Be2 Ne7 {LiveBook: 7 Games} 9. h4 {White has an edge.} h5 10. Bg5 Be6 $146 (10... Rb8 11. Qd2 Be6 12. O-O-O Qd7 13. f3 c5 14. b3 Nc6 15. Nd5 Bxd5 16. exd5 {0-1 (34) Baigorri Navarro,F (2178)-Diamant,A (2393) Parla 2008}) 11. Qc2 Qd7 12. Rd1 c5 13. Nd5 Bxd5 14. cxd5 Rb8 15. b3 c6 16. Bc4 cxd5 17. Bxd5 Nxd5 18. Rxd5 Qe6 19. O-O O-O 20. Bf4 Rb6 21. Re1 Bd4 22. Be3 Bxe3 23. Rxe3 Re8 24. Qd1 Qf6 25. g3 Re5 26. Rd2 {[%cal Bd5d2,Bd2e2,Be2e5][%mdl 32]} Qe7 27. Rde2 Rb4 28. Qe1 Qb7 29. f4 Re7 30. e5 dxe5 31. Rxe5 Rxe5 32. Rxe5 $11 {[%mdl 4096] Endgame KQR-KQR} Qd7 33. Re8+ Kh7 34. Re7 (34. Qe5 $5 {is more complex.} Qd4+ 35. Kf1 Qxe5 36. Rxe5 Rd4 37. Re7) 34... Qd5 {[#]} (34... Qd4+ $11 35. Kh2 Kg7) 35. Qe5 $1 $16 {[%cal Re5d5]} ({Not} 35. Rxa7 $2 Rd4 36. Re7 Rd1 37. Qxd1 Qxd1+ $19) 35... Qxe5 36. fxe5 {KR-KR} Kg8 37. Rc7 Rd4 38. Rxc5 ({White should try} 38. Rxa7 $14 Kf8 39. Kg2) 38... Rd1+ $11 39. Kf2 Rd2+ 40. Ke3 Rxa2 41. Kd4 Rd2+ 42. Ke4 Re2+ 43. Kf4 Rf2+ 44. Ke3 Rg2 45. Kf3 Rb2 46. Rb5 Kf8 47. Rb7 a5 48. Kf4 {[#]} a4 $1 {[%mdl 512]} 49. b4 (49. bxa4 Rxb7) 49... a3 {And now ...Rb1 would win.} 50. b5 $2 {[%mdl 8192]} (50. e6 $15) 50... a2 $2 (50... Rb4+ $19 51. Ke3 Ra4) 51. Ra7 $15 Rb4+ $1 52. Kf3 Rxb5 {...Rb2 is the strong threat.} 53. Rxa2 Rxe5 54. Ra6 Kg7 55. Rb6 Re6 56. Rb5 Kf6 57. Ra5 Re5 58. Ra6+ Kf5 59. Ra7 f6 60. Ra3 Rb5 61. Rc3 g5 62. hxg5 Kxg5 63. Ra3 Rb1 64. Ra5+ f5 65. Ra3 {The position is equal.} Rf1+ 66. Kg2 Rc1 67. Kf3 Rb1 68. Ra8 Rb6 69. Rg8+ Rg6 70. Rf8 1/2-1/2

[Event "FRA-ch Youth 2017"]
[Site "Belfort"]
[Date "2017.04.16"]
[Round "1"]
[White "Flick, Antoine"]
[Black "Brison, Lucas"]
[Result "1-0"]
[WhiteElo "2327"]
[BlackElo "1772"]
[Annotator "TA"]
[PlyCount "59"]
[EventDate "2017.??.??"]
[EventCountry "FRA"]
[SourceTitle "playchess.com"]
[Source "ChessBase"]
[SourceQuality "1"]

{[%evp 21,59,8,41,39,38,39,33,27,38,41,40,23,22,22,62,57,70,-25,36,44,98,86,91,95,149,135,137,82,94,33,39,39,41,41,42,32,95,87,115,93]} 1. d4 d5 2. Nf3 Nf6 3. c4 c6 4. Nc3 e6 5. e3 Nbd7 6. Bd3 dxc4 7. Bxc4 b5 8. Bd3 Bd6 9. O-O O-O 10. b3 Bb7 {D47: Semi-Slav: Meran System} 11. Bb2 Re8 {LiveBook: 3 Games} 12. Rc1 a6 {White is slightly better.} 13. Ne4 Nxe4 14. Bxe4 Rc8 15. Qe2 f5 $146 (15... Qb6 16. Rfd1 c5 17. Ng5 h6 18. Nxf7 Bxh2+ 19. Kxh2 Qc7+ {1-0 (33) Feller,S (2657)-Papin,V (2569) Aix les Bains 2011}) 16. Bb1 c5 17. Rfd1 c4 18. bxc4 bxc4 19. Nd2 (19. d5 $1 $14) 19... Qh4 (19... Nb6 $1 $11) 20. h3 $14 Qg5 ({Black should play} 20... Nb6 $14) 21. f4 $16 Qg3 22. Nxc4 Bf8 {[#]} (22... Bb8 $142) 23. Bd3 $1 Bd5 {[#]} 24. Rc2 ({Better is} 24. Bc3 $1) 24... g5 25. Qf2 ({White should try} 25. fxg5 $16 Qxg5 26. Bc3) 25... Qxf2+ $14 26. Kxf2 gxf4 27. exf4 Nf6 28. Rdc1 Ne4+ (28... Rb8 $14) 29. Ke3 $16 Rc7 30. g4 1-0

[Event "FRA-ch Youth 2017"]
[Site "Belfort"]
[Date "2017.04.16"]
[Round "1"]
[White "Laurent-Paoli, Pierre"]
[Black "Charrier, Arthur"]
[Result "0-1"]
[WhiteElo "2298"]
[BlackElo "1752"]
[Annotator "TA"]
[PlyCount "54"]
[EventDate "2017.??.??"]
[EventCountry "FRA"]
[SourceTitle "playchess.com"]
[Source "ChessBase"]
[SourceQuality "1"]

{[%evp 13,54,3,9,-50,-62,-105,-114,-124,-93,-103,-71,-77,-67,-66,-69,-136,-54,-64,-40,-75,-31,-108,15,-55,35,-169,-156,-194,-185,-176,-172,-206,-181,-683,-689,-690,-683,-649,-370,-652,-649,-885,-877]} 1. e4 c5 2. Nf3 Nc6 3. d4 cxd4 4. Nxd4 Nf6 5. Nc3 e5 6. Ndb5 d6 7. Nd5 Nxd5 {LiveBook: 1284 Games. B33: Sicilian: Pelikan and Sveshnikov Variations} 8. Qxd5 (8. exd5 $11 Ne7 9. c4) (8. exd5 Nb8 9. c4 a6 10. Qa4 Nd7 11. c5 Rb8 12. Nxd6+ Bxd6 13. cxd6 O-O 14. Qa3 b5 15. Bd2 Qb6 16. Be3 b4 17. Qa4 Qxd6 18. Qc6 {½-½ (64) Oparin,G (2597)-Smirnov,P (2569) Vladivostok 2016}) 8... a6 $15 {And now ...Be6 would win.} 9. Nc3 (9. Bc4 $2 Be6 10. Bg5 Bxd5 $19) 9... Nd4 $1 {Black is better.} 10. Kd1 Be7 {[%cal Bf8e7,Be7f6,Bf6g7][%mdl 32]} 11. Be3 O-O $146 (11... Bf6 12. Qc4 Bg4+ 13. Kc1 Rc8 14. Qd3 Be6 15. Qd2 {0-1 (29) Rocha Jorge,W (2255)-Matsuura,E (2460) Rio de Janeiro 2004}) 12. Bxd4 exd4 13. Qxd4 Bf6 $36 {[%mdl 2048] Black has some pressure.} 14. Qb4 ({Better is} 14. Qd2 $15) 14... g6 (14... a5 $17 15. Qa3 Be6) 15. Nd5 Bg7 {[%mdl 1024] Black has compensation.} 16. Nb6 Rb8 17. Bc4 ({White should try} 17. c3 $15) 17... Qf6 (17... Be6 $17 18. h4 Bxc4 19. Nxc4 Qf6) 18. f3 (18. Ke2 $1 $11) 18... Qd4+ (18... Qxb2 19. Qxb2 Bxb2 20. Rb1 $11) (18... Bh3 $15 19. Rg1 a5) 19. Kc1 $2 {[#]} (19. Ke2 $14 {was the only good move.}) 19... Be6 $1 $19 {[%cal Re6c4] ...Bxc4 is the strong threat.} 20. c3 (20. Kb1 $2 Bxc4 21. Nxc4 b5 $19) 20... Qe3+ 21. Kc2 {[#] Black must now prevent Rae1.} (21. Kb1 $2 Bxc4 22. Qxc4 Qxb6 $19) 21... Qf2+ $1 (21... a5 22. Qb5 $11 (22. Qxa5 $2 Qf2+ 23. Kd3 Qxg2 $19)) 22. Kb3 {White wants to play Bxe6.} Bxc4+ (22... Qxg2 23. Bxe6 fxe6 24. Qxd6 $11 (24. Nd7 a5 25. Qb5 Ra8 $11)) 23. Kxc4 $2 (23. Nxc4 b5 24. Na5 (24. Nxd6 Qxg2 25. a3 Qxf3 $17)) 23... Qc2 ({Not} 23... Qxg2 24. Kb3 $15) 24. Qb3 Qe2+ (24... Qxg2 25. Rae1 $19) 25. Kb4 Qb5+ ({Weaker is} 25... Qxg2 26. a4 $15) 26. Ka3 {Strongly threatening Qxb5.} Qa5+ 27. Na4 b5 0-1

[Event "FRA-ch Youth 2017"]
[Site "Belfort"]
[Date "2017.04.16"]
[Round "1"]
[White "Viennot, Dylan"]
[Black "Kelly, Anthony G"]
[Result "0-1"]
[WhiteElo "2263"]
[BlackElo "1843"]
[Annotator "TA"]
[PlyCount "168"]
[EventDate "2017.??.??"]
[EventCountry "FRA"]
[SourceTitle "playchess.com"]
[Source "ChessBase"]
[SourceQuality "1"]

{[%evp 4,168,6,6,4,-35,-22,-35,-46,-127,-127,-259,-254,-251,-225,-368,-351,-390,-341,-383,-270,-401,-334,-421,-331,-325,-254,-332,-318,-343,-338,-329,-327,-372,-381,-371,-323,-354,-343,-356,-370,-368,-365,-453,-453,-453,-453,-447,-447,-447,-441,-439,-442,-455,-440,-455,-455,-453,-447,-452,-446,-441,-304,-290,-207,-210,-213,-207,-204,-220,-150,-144,-144,-189,-186,-193,-195,-187,-196,-186,-181,-185,-181,-172,-164,-172,-129,-210,-206,-256,-251,-241,-216,-219,-216,-209,-154,-218,-198,-207,-206,-207,-179,-200,0,-207,-150,-202,-112,-97,-65,-66,-48,-49,-50,-47,0,-46,0,-49,0,-145,0,-46,-45,-53,-45,-51,-47,-43,-38,-58,-49,-488,-144,-157,-115,-115,-115,-115,-116,-116,-113,-635,-60,-29992,-71,-71,-71,-71,-25,-42,-44,-348,-341,-337,0,-16,0,-320,-98,-170,-170,-29980,-29982,-4922,-647]} 1. e4 c6 2. Ne2 d5 3. e5 d4 {B10: Caro-Kann: 2 d3 and 2 c4} (3... g6 4. d4 Bg7 5. h4 c5 6. c3 h6 7. Nf4 e6 8. Nd2 Ne7 9. Bd3 Nbc6 10. Nf3 Qb6 11. O-O Bd7 12. dxc5 Qxc5 {1-0 (30) Vachier Lagrave,M (2804)-Riazantsev,A (2671) Doha 2016}) 4. b4 f6 5. Nf4 g6 {Black is slightly better.} 6. Bd3 $146 (6. Bc4 $15) (6. exf6 Nxf6 7. Bc4 Qd6 8. d3 e5 9. Ne2 Be6 10. Nd2 Bg7 11. Bxe6 Qxe6 {1-0 (51) Abergel,T (2413)-Michalik,P (2584) Germany 2013}) 6... fxe5 $17 7. Bxg6+ (7. Ne2 $17 {was worth a try.}) 7... hxg6 $19 8. Nxg6 Rh6 9. Nxe5 (9. Nxf8 {was the only defense.} Kxf8 10. d3) 9... Qd5 10. Nf3 Bg4 (10... Re6+ 11. Kf1 $19) 11. d3 Bxf3 12. gxf3 {[#]} (12. Qxf3 $142 Qxf3 13. gxf3) 12... Rxh2 $1 {[%mdl 512]} (12... Re6+ 13. Kf1 $19) 13. Rg1 (13. Rxh2 Qe5+) 13... Qe6+ 14. Qe2 Qxe2+ 15. Kxe2 Nf6 16. Bb2 Rh4 17. Nd2 e5 18. Nc4 Nbd7 (18... Bxb4 19. Nxe5 Nbd7 20. Ng6 $19) 19. a3 O-O-O 20. Rae1 b5 21. Na5 Kc7 22. Bc1 Bh6 23. Rh1 Rxh1 24. Rxh1 Bxc1 25. Rxc1 Nd5 26. Rh1 Rg8 27. Nb3 Rg7 28. Kf1 Rf7 29. Nd2 N7f6 30. Ke1 Kd7 31. Rg1 Ke6 32. Nb3 Nc3 33. f4 exf4 34. Nxd4+ Kd5 35. Nf3 Kd6 36. Kd2 Na4 37. Rg6 {White wants to play Ng5.} Rf8 38. Ng5 Kd5 39. Nf3 Nb6 40. Rg5+ Kd6 41. Nd4 Nbd7 42. Nf5+ Kc7 43. Nd4 {Threatening Ne6+.} Kb7 44. Ne6 Rg8 45. Rf5 (45. Rxg8 $17 Nxg8 46. Nxf4) 45... Rg1 46. Kc3 Rf1 47. Kb3 Rxf2 48. Rxf4 Re2 49. Nd4 Re5 50. Rf5 (50. a4 $17) 50... Re1 51. Kb2 Kc7 52. Rg5 Kd6 53. Nf5+ Kc7 54. Nd4 $1 Ne8 55. Rg2 (55. Rg6 $17 {keeps fighting.}) 55... Nb6 ({Black should try} 55... a6 $19 56. Rg6 Nef6) 56. Rg6 $17 Na4+ 57. Ka2 Nd6 58. Rg7+ Kb6 59. Rg6 Kc7 60. Rg7+ Kb6 {White must now prevent ...Nc3+.} 61. Rg6 Nc3+ 62. Kb3 (62. Kb2 $1 $11 {was the only way to keep the balance.}) 62... Na4 (62... Nd5 $1 $17 63. Kb2 Kc7 64. Ne6+ Kd7 65. Nc5+ Ke7 66. Rg7+ Nf7) 63. Ka2 $15 (63. Rxd6 $2 Rb1+ 64. Ka2 Nc3#) 63... Ne8 64. Rxc6+ Kb7 65. Rh6 Nc7 {Strongly threatening ...Nc3+.} 66. Rh7 {And now Nxb5 would win.} a6 67. Rg7 Kc8 {aiming for ...Nc3+.} 68. Rg5 $2 {[%mdl 8192]} (68. c4 $15) 68... Nd5 $2 (68... Nc3+ $19 {has better winning chances.} 69. Kb3 N7d5 70. Rxd5 Nxd5) 69. c4 $17 Ndc3+ 70. Kb3 {[%cal Rc4b5]} Rb1+ 71. Kc2 {[%cal Rc4b5]} Rb2+ 72. Kc1 {[%cal Rc4b5]} bxc4 73. dxc4 $2 {[%mdl 8192]} (73. Rg8+ $17 Kd7 74. dxc4) 73... Rf2 $2 (73... Na2+ $1 $19 74. Kd1 N4c3+ 75. Ke1 Rb1+ 76. Kd2 Ne4+ 77. Kc2 Rc1+ 78. Kb2 Nxg5 79. Kxa2 Rxc4) 74. Rf5 $2 {[%mdl 8192]} (74. Rg3 $15) 74... Rh2 $2 (74... Na2+ $1 {mates} 75. Kb1 Rb2+ 76. Ka1 N2c3 77. Rf8+ Kd7 78. Rf7+ Ke8 79. Re7+ Kxe7 80. Nc6+ Kf8 81. Ne5 Rb1#) 75. c5 Nb2 {[%cal Rb2d3]} 76. Rf3 Na2+ 77. Kb1 Na4 78. Nc2 $2 {[%mdl 8192]} ({Of course not} 78. Rf8+ Kc7 79. Rf3 (79. Rf7+ Kd8 80. Nc2 N2c3+ 81. Kc1 Ne2+ 82. Kb1 Nac3+ 83. Kb2 Nd1+ 84. Kb3 Nc1+ 85. Ka4 Rxc2 $19) 79... N4c3+ 80. Ka1 Nd5 $17) ({White should play} 78. c6 $15) 78... N2c3+ $19 79. Kc1 Na2+ $2 (79... Ne2+ $1 $19 80. Kb1 Kd7) 80. Kb1 $11 N2c3+ $2 {[%mdl 8192]} (80... N4c3+ $11 81. Kb2 Ne2) 81. Kc1 $19 {[#]} Ne4 $2 (81... Ne2+ $1 $19 {and Black stays clearly on top.} 82. Kb1 Kc7) 82. Ne3 {[#]} (82. Rd3 $17) 82... Nd2 $1 {[%cal Rd2b3] ( -> ...Nb3+)} 83. Rf4 $2 (83. Rf8+ $19 Kc7 84. Kc2) 83... Nb3+ 84. Kd1 Nb2+ 0-1

[Event "FRA-ch Youth 2017"]
[Site "Belfort"]
[Date "2017.04.16"]
[Round "1"]
[White "Tahay, Alexis"]
[Black "Noblecourt, Nicolas"]
[Result "1/2-1/2"]
[WhiteElo "2239"]
[BlackElo "1868"]
[Annotator "TA"]
[PlyCount "89"]
[EventDate "2017.??.??"]
[EventCountry "FRA"]
[SourceTitle "playchess.com"]
[Source "ChessBase"]
[SourceQuality "1"]

{[%evp 19,89,-26,-27,-39,-34,-45,-40,-65,-87,-72,-52,-56,-45,-56,-46,-49,-40,-41,-15,-18,-7,-18,4,-10,-14,-20,0,0,0,-33,-45,-36,0,0,0,-21,-26,-28,0,0,0,0,0,0,0,0,153,166,157,0,0,0,0,0,493,485,464,462,438,195,222,196,237,197,196,198,182,177,179,152,215,173]} 1. e4 c5 2. Nf3 e6 3. d4 cxd4 4. Nxd4 a6 5. Nc3 Qc7 6. Be2 b5 7. a3 Bb7 8. O-O Nf6 9. Bf3 d6 10. Bg5 Nbd7 {[%cal Bb8d7,Bd7b6,Bb6c4][%mdl 32] LiveBook: 7 Games. B43: Sicilian: Kan Variation: 5 Nc3} 11. g3 Be7 12. Bg2 O-O {Black is slightly better.} 13. f4 h6 $146 (13... Rfe8 14. Kh1 Rac8 15. Qd3 Qb6 16. Rae1 h6 17. Bh4 Rc4 18. Nb3 {0-1 (38) Bacon,N (2220)-Simutowe,A (2485) Cappelle-la-Grande 2009}) 14. Bh4 Rfe8 15. Kh1 Nb6 16. Qe2 Nc4 17. Nd1 $1 Rac8 18. c3 Nb6 19. Nf2 Qc4 20. Qd2 Nbd7 21. Rae1 Qc7 22. Nd3 Nc5 {[%cal Rf6e4]} 23. Nf2 Qb8 24. e5 Bxg2+ 25. Kxg2 Qa8+ 26. Kg1 Nfe4 27. Nxe4 Nxe4 28. Qe3 {[#] Bxe7 is the strong threat.} Bxh4 29. gxh4 d5 30. f5 exf5 31. Rxf5 Rc7 32. Kh1 Rce7 $2 (32... Kh7 $11) 33. Rg1 $16 {Threatens to win with Qxh6.} Kh7 {[#]} 34. Qf4 $2 (34. Rh5 $1 $16 {Rxg7+! would kill now.} Re6 35. Nxe6 Rxe6 36. Rf5 (36. Qf4 d4 37. Rg2 Nd6 $11)) 34... Qb7 $1 $11 35. Rh5 {Intending Rxg7+! and mate.} Re6 $1 36. Rf5 $40 {[%cal Bh5f5,Bf5f8,Bf8a8][%mdl 160] White mounts an attack.} ({But not} 36. Nxe6 fxe6 37. Kg2 Rg8 $19) 36... R8e7 $2 {[%mdl 8192]} (36... R6e7 $11) 37. Nxe6 $18 fxe6 38. Rf8 d4 {[%cal Re4g3]} 39. Qf3 (39. Rg2 $142) 39... dxc3 {White is clearly better.} 40. bxc3 Rc7 41. Qg2 {[%csl Gg1][%cal Rg2g6]} Nxc3 42. Qxb7 Rxb7 43. Ra8 Ne2 44. Re1 ({Not} 44. Rxa6 Nxg1 45. Kxg1 Kg6 $11) 44... Nd4 (44... Nf4 $16 45. Rf1 (45. Rxa6 Kg6 46. Rb1 Rc7 $18) 45... g5 46. Rxa6 Kg6) 45. Rxa6 1/2-1/2

[Event "FRA-ch Youth 2017"]
[Site "Belfort"]
[Date "2017.04.16"]
[Round "1"]
[White "Meunier-Pion, Jean"]
[Black "Niepceron, Aurelien"]
[Result "*"]
[WhiteElo "2226"]
[BlackElo "1808"]
[Annotator "TA"]
[PlyCount "16"]
[EventDate "2017.??.??"]
[EventCountry "FRA"]
[SourceTitle "playchess.com"]
[Source "ChessBase"]
[SourceQuality "1"]

{[%evp 9,16,10,13,-34,-35,-78,-90,-85,-72]} 1. e4 e5 2. Bc4 Nf6 3. d3 Be7 4. Nc3 O-O 5. f4 d6 6. f5 {C24: Bishop's Opening: 2...Nf6} c6 7. Qf3 b5 8. Bb3 Bb7 $146 (8... b4 9. Nce2 a5 10. a4 bxa3 11. bxa3 a4 12. Ba2 d5 13. g4 dxe4 14. dxe4 {1-0 (51) Baghdasaryan,V (2395)-Dauletova,G (2214) Al Ain 2013}) *

[Event "FRA-ch Youth 2017"]
[Site "Belfort"]
[Date "2017.04.16"]
[Round "1"]
[White "Cohen Revivo, Shoham"]
[Black "Lubineau, Mathis"]
[Result "0-1"]
[WhiteElo "2221"]
[BlackElo "1739"]
[Annotator "TA"]
[PlyCount "46"]
[EventDate "2017.??.??"]
[EventCountry "FRA"]
[SourceTitle "playchess.com"]
[Source "ChessBase"]
[SourceQuality "1"]

{[%evp 9,45,9,19,18,14,0,10,7,7,2,34,34,51,43,50,-81,4,-36,-43,-35,-18,-144,-40,-474,-457,-468,-470,-29994,-29995,-29996,-29997,-29997,-29994,-29997,-29998,-29998,-29999,-29999]} 1. e4 e6 2. d4 d5 3. exd5 exd5 4. Bd3 Nc6 5. Nf3 Bg4 6. Be3 {C01: French: Exchange Variation} (6. c3 Bd6 7. O-O Qd7 8. Re1+ Nge7 9. Nbd2 O-O-O 10. b4 Rde8 11. b5 Nd8 12. Qa4 Kb8 13. Ba3 Ne6 14. Ne5 Bxe5 15. dxe5 Bf5 16. Bf1 d4 17. cxd4 Qxd4 18. Nc4 Nc8 19. Qb3 Rd8 20. Rad1 Qh4 {½-½ (20) Pourramezanali,A (2509)-Short,N (2652) Guilan 2016}) 6... Bd6 7. Nbd2 Nge7 8. O-O {The position is equal.} Qd7 9. c3 O-O-O 10. b4 Ng6 11. a4 Nce7 $146 {[%cal Bc6e7,Be7g6,Bg6h4,Bh4f3][%mdl 32]} (11... Rde8 12. Qb3 f6 13. a5 Nf4 14. Bxf4 Bxf4 15. b5 Nd8 16. b6 {0-1 (39) Kroselj,L (1551)-Dadello,A (1863) Maribor 2012}) 12. c4 (12. Qc2 $14 {keeps the upper hand.}) 12... Nf4 (12... Bxb4 $17 13. c5 a5) 13. Bc2 {Strongly threatening c5.} dxc4 14. Nxc4 Neg6 15. Rb1 (15. h3 $11 Be6 16. Nfe5 (16. Nxd6+ Qxd6 17. Ng5 Qd5 $11) 16... Bxe5 17. Nxe5) 15... Kb8 ({Black should try} 15... Nh4 $17 {aiming for ...Bxf3.} 16. Bxf4 Bxf4) 16. a5 $2 {[%mdl 8192] [#]} (16. Bxf4 $1 $15 Nxf4 17. b5 (17. Nxd6 Qxd6 18. h3 Bh5 $17)) 16... Nxg2 $1 $19 {[%mdl 512] ...N2h4 is the strong threat.} 17. Kxg2 {[#] Black should prevent Kg1.} Nh4+ $1 {[%mdl 512]} 18. Kg1 (18. Nxh4 $19 Bxd1 19. Bxd1 Qc6+ 20. Bf3 Qxc4 21. Nf5) 18... Bxf3 {Black mates.} 19. Qxf3 Nxf3+ 20. Kg2 Qg4+ 21. Kh1 Qh3 {[%csl Gd6,Gf3][%cal Rh3h2]} 22. Bf4 Bxf4 {[%csl Gf3,Gf4][%cal Rh3h2]} 23. Be4 Qxh2# 0-1

[Event "FRA-ch Youth 2017"]
[Site "Belfort"]
[Date "2017.04.16"]
[Round "1"]
[White "Tomasi, Albert"]
[Black "Gachenot, Alexandre"]
[Result "0-1"]
[WhiteElo "2176"]
[BlackElo "1724"]
[Annotator "TA"]
[PlyCount "68"]
[EventDate "2017.??.??"]
[EventCountry "FRA"]
[SourceTitle "playchess.com"]
[Source "ChessBase"]
[SourceQuality "1"]

{[%evp 10,68,13,5,73,-9,77,20,63,39,47,-3,27,0,90,0,10,-114,31,-11,89,30,29,30,23,-410,-194,-474,-477,-477,-474,-474,-475,-477,-470,-512,-512,-512,-512,-512,-512,-541,-501,-640,-588,-754,-710,-912,-1078,-1042,-1036,-1871,-1860,-1721,-1606,-5635,-5627,-5526,-5502,-2859,-2091]} 1. e4 e5 2. Nf3 Nc6 3. Bb5 a6 4. Bxc6 dxc6 5. Nc3 Bd6 6. d4 {LiveBook: 51 Games} Qe7 {C68: Ruy Lopez: Exchange Variation, sidelines} (6... exd4 $11 7. Qxd4 f6) 7. Qd3 $146 (7. Nxe5 $16 Bxe5 8. dxe5) (7. dxe5 Bxe5 8. Nxe5 Qxe5 9. Be3 Nf6 10. f3 Bd7 11. Qd2 O-O-O 12. Bd4 Qe7 13. O-O-O Be6 14. Qf2 {1-0 (48) Janev,E (2503)-Ibryamov,I (2115) Plovdiv 2012}) 7... Bd7 (7... exd4 $11 8. Qxd4 Nf6) 8. Be3 (8. Bg5 $16 f6 9. dxe5 Bxe5 10. Nxe5 Qxe5 11. Be3) 8... O-O-O {The position is equal.} 9. O-O-O Nf6 10. h3 Rhe8 11. Rhe1 Kb8 (11... Be6 $11) 12. a3 ({White should try} 12. dxe5 $16 Bxe5 13. Nxe5 Qxe5 14. f4) 12... Bc8 $11 13. Nd2 {[#]} (13. Qc4 $11 {keeps the balance.}) 13... Rd7 ({Better is} 13... Bxa3 $1 $17 {[%mdl 512] Threatens to win with ...Bb4.} 14. f4 (14. bxa3 Qxa3+) 14... exd4 15. Bxd4 Bb4) 14. Nb3 Red8 {[#]} (14... exd4 $11 {remains equal.} 15. Qxd4 (15. Bxd4 c5 16. Be3 b6 $15) (15. Nxd4 Bxa3 16. bxa3 Qxa3+ 17. Kb1 c5 $17) 15... b6) 15. d5 (15. f4 $1 $16) 15... cxd5 16. Nxd5 Nxd5 17. Qxd5 $4 {[%mdl 8192]} (17. exd5 $11 {and White has nothing to worry.} Qh4 18. Kb1) 17... Bb4 (17... Bxa3 $142 18. Qxd7 Rxd7 19. bxa3 Qxa3+ 20. Kb1 b6 21. Rxd7 Bxd7) 18. Bc5 $2 (18. Qc4 Bxe1 19. Rxe1) 18... Rxd5 $19 {Black is clearly winning.} 19. Bxe7 Rxd1+ 20. Rxd1 Rxd1+ ({Resist} 20... Bxe7 21. Rxd8 Bxd8 22. Kd2 $19) 21. Kxd1 Bxe7 22. Kd2 Be6 23. Kc3 Bxb3 24. Kxb3 {[%mdl 4096] Endgame KB-KP} Kc8 25. Kc4 c6 26. f3 Kd7 27. a4 Ke6 28. g4 Kf6 29. h4 Kg6 30. h5+ Kg5 31. Kd3 g6 32. hxg6 fxg6 33. Ke2 Kf4 34. Kf2 h5 0-1

[Event "FRA-ch Youth 2017"]
[Site "Belfort"]
[Date "2017.04.16"]
[Round "1"]
[White "Djidjeli, Sarah"]
[Black "Rozec, Mialy"]
[Result "*"]
[WhiteElo "1934"]
[BlackElo "1289"]
[Annotator "NA RC"]
[PlyCount "61"]
[EventDate "2017.??.??"]
[EventCountry "FRA"]
[SourceTitle "playchess.com"]
[Source "ChessBase"]
[SourceQuality "1"]
[TimeControl "5400+30"]

1. e4 {[%emt 0:00:00]} c6 {[%emt 0:00:10]} 2. Nc3 {[%emt 0:00:00]} g6 {[%emt 0:00:19]} 3. Nf3 {[%emt 0:00:12]} d5 {[%emt 0:01:09]} 4. exd5 {[%emt 0:02:25]} cxd5 {[%emt 0:00:37]} 5. Bb5+ {[%emt 0:02:28]} Bd7 {[%emt 0:12:30]} 6. Qe2 {[%emt 0:01:27]} Nf6 {[%emt 0:09:32]} 7. O-O {[%emt 0:03:56]} Bg7 {[%emt 0:12:24]} 8. Re1 {[%emt 0:04:43]} e6 {[%emt 0:03:32]} 9. d4 {[%emt 0:06:50]} O-O {[%emt 0:01:53]} 10. Bf4 {[%emt 0:03:01]} Qb6 {[%emt 0:03:14]} 11. a4 {[%emt 0:06:45]} a6 {[%emt 0:19:46]} 12. a5 {[%emt 0:08:16]} Bxb5 {[%emt 0:02:23]} 13. axb6 {[%emt 0:00:11]} Bxe2 {[%emt 0:00:44]} 14. Rxe2 {[%emt 0:00:12]} Nc6 {[%emt 0:01:32]} 15. Na4 {[%emt 0:03:32]} Ne4 {[%emt 0:03:02]} 16. c3 {[%emt 0:02:07]} Rac8 {[%emt 0:09:23]} 17. Nd2 {[%emt 0:05:42]} Nxd2 {[%emt 0:04:30]} 18. Rxd2 {[%emt 0:00:45]} Rfd8 {[%emt 0:00:40]} 19. Bc7 {[%emt 0:02:44]} Rd7 {[%emt 0:01:24]} 20. Nc5 {[%emt 0:00:20]} Rdxc7 {[%emt 0:00:18]} 21. bxc7 {[%emt 0:00:11]} Rxc7 {[%emt 0:00:15]} 22. g3 {[%emt 0:07:09]} Ne7 {[%emt 0:05:27]} 23. Ra3 {[%emt 0:02:22]} e5 {[%emt 0:01:12]} 24. Rb3 {[%emt 0:01:28]} exd4 {[%emt 0:00:53]} 25. cxd4 {[%emt 0:00:46]} Nf5 {[%emt 0:01:24]} 26. Rxb7 {[%emt 0:02:07]} Rxb7 {[%emt 0:00:31]} 27. Nxb7 {[%emt 0:00:04]} Nxd4 {[%emt 0:00:07]} 28. Kg2 {[%emt 0:00:48]} f5 {[%emt 0:01:05]} 29. h3 {[%emt 0:01:47]} Kf7 {[%emt 0:00:46]} 30. h4 {[%emt 0:01:18]} h6 {[%emt 0:02:30]} 31. Nd6+ *